000 00421pab a2200157 454500
008 180718b2012 xxu||||| |||| 00| 0 eng d
100 _aSingh, Binod Kumar
245 _aA summary of the literature on geography of disability: Current status and priorities for action
260 _c2012
300 _ap.36-43.
362 _aJun
650 _aDisabilities
773 _aSocial Profile
908 _aN
909 _a97251
999 _c97251
_d97251